[Event "Moscow op-A 19th"]
[Site "Moscow"]
[Date "2023.07.17"]
[Round "1"]
[White "Kochikyan, Georgy"]
[Black "Lavrik, Dmitry"]
[Result "0-1"]
[WhiteElo "1856"]
[BlackElo "2414"]
[PlyCount "92"]
[EventDate "2023.07.17"]
[EventType "swiss"]
[EventRounds "9"]
[EventCountry "RUS"]
[SourceTitle "CBM 215 Extra"]
[Source "ChessBase"]
[SourceDate "2023.09.30"]
[SourceVersion "1"]
[SourceVersionDate "2023.09.30"]
[SourceQuality "1"]

1. e4 c5 2. Nf3 d6 3. d4 cxd4 4. Nxd4 Nf6 5. f3 e5 6. Nb3 d5 7. Bg5 d4 8. c3 Nc6 9. cxd4 Bb4+ 10. Bd2 Nxe4 11. Bxb4 Qh4+ 12. g3 Nxg3 13. hxg3 Qxh1 14. Bc5 Bh3 15. N1d2 0-0-0 16. Qc2 Bxf1 17. 0-0-0 Qh6 18. Rxf1 b6 19. Ba3 exd4 20. Kb1 Qg6 21. Rc1 Qxc2+ 22. Rxc2 Kc7 23. Nc4 Rhe8 24. Nc1 d3 25. Rd2 b5 26. Nd6 Rxd6 27. Bxd6+ Kxd6 28. Rxd3+ Kc7 29. a3 Re1 30. Kc2 Ne5 31. Rc3+ Kd6 32. f4 Nc4 33. a4 a6 34. axb5 axb5 35. b3 Nb6 36. Nd3 Re2+ 37. Kd1 Re3 38. Nc5 Rxc3 39. Ne4+ Kc6 40. Nxc3 b4 41. Ne4 Kd5 42. Nf2 Kd4 43. Kd2 Nd5 44. Nd3 f6 45. Ne1 h5 46. Ke2 Kc3 0-1